000 01111nam a2200253Ia 4500
001 15161
003 GE_BSU
008 181216s||||||||xx |||||||||||||| ||und||
020 _a9789941074165
040 _cGE_BSU
080 _a004.738(479.22)
100 _aდარჩაშვილი,მანანა. ლაზბა, ნატალია. მანველიძე,ირაკლი და სხვ.
245 _aელექტრონული მმართველობა საქართველოში
245 _bსტატიების კრებული
245 _cრედ. მალხაზ მაცაბერი
260 _aთბილისი
260 _bახალი აზრი
260 _c2015
300 _a80გვ.20სმ.
300 _cბიბლიოგრ.თავების ბოლოს და ტექსტის შენიშვნ.
520 _aრეზ. ინგლ.
653 _aელექტრონული მმართველობა საქართველოში
942 _cBK
999 _c48276
_d48276